[Event "First Saturday 2008 december GM"]
[Site "Budapest"]
[Date "2008.12.14"]
[Round "9"]
[White "Prohaszka, Peter"]
[Black "Ilincic, Zlatko"]
[Result "0-1"]
[WhiteElo "2502"]
[BlackElo "2542"]
[PlyCount "106"]
[EventDate "2008.12.06"]

1. d4 Nf6 2. c4 g6 3. Nc3 Bg7 4. e4 d6 5. Bd3 e5 6. d5 Na6 7. Nge2 Nc5 8. Bc2
a5 9. f3 c6 10. Be3 cxd5 11. cxd5 Bd7 12. O-O b5 13. a3 b4 14. Na4 Nxa4 15.
Bxa4 O-O 16. Re1 Qb8 17. Bxd7 Nxd7 18. Qa4 bxa3 19. bxa3 Nc5 20. Bxc5 dxc5 21.
Rab1 Qa7 22. Qc4 Rfb8 23. Nc3 Bf8 24. Rb5 Rxb5 25. Nxb5 Qb6 26. Rb1 h5 27. a4
h4 28. Na3 Qf6 29. Qd3 h3 30. g3 c4 31. Nxc4 Bb4 32. Kf1 Rc8 33. Ke2 Qa6 34.
Rc1 Qa7 35. d6 Qc5 36. d7 Rd8 37. Rd1 Rxd7 38. Qxd7 Qxc4+ 39. Ke3 Qc5+ 40. Kd3
Qc3+ 41. Ke2 Qc2+ 42. Rd2 Bxd2 43. Qd8+ Kg7 44. Qxd2 Qxa4 45. Qc3 Qb5+ 46. Kf2
a4 47. g4 Kh7 48. Kg3 Qf1 49. Kh4 Qg2 50. Qc4 Kg7 51. Qxa4 Qf2+ 52. Kxh3 Qxf3+
53. Kh4 g5+ 0-1

[Event "First Saturday 2008 december GM"]
[Site "Budapest"]
[Date "2008.12.14"]
[Round "9"]
[White "Nguyen, Huynh M.H"]
[Black "Matsenko, Sergei"]
[Result "1/2-1/2"]
[WhiteElo "2452"]
[BlackElo "2447"]
[PlyCount "44"]
[EventDate "2008.12.06"]

1. c4 Nf6 2. Nc3 e6 3. d4 d5 4. Bg5 c6 5. e3 Nbd7 6. Nf3 Qa5 7. Nd2 Bb4 8. Qc2
dxc4 9. Bxf6 Nxf6 10. Nxc4 Qc7 11. Be2 O-O 12. O-O Rd8 13. Ne5 Be7 14. Rac1 Bd7
15. Nxd7 Qxd7 16. Bf3 Bd6 17. Rfd1 Qe7 18. g3 Rd7 19. Qa4 a6 20. Qc2 Re8 21.
Bg2 g6 22. Ne4 Nxe4 1/2-1/2

[Event "First Saturday 2008 december GM"]
[Site "Budapest"]
[Date "2008.12.15"]
[Round "10"]
[White "Ilincic, Zlatko"]
[Black "Nguyen, Huynh M.H"]
[Result "1/2-1/2"]
[WhiteElo "2542"]
[BlackElo "2452"]
[PlyCount "25"]
[EventDate "2008.12.06"]

1. d4 d5 2. c4 c6 3. Nf3 Nf6 4. e3 Bf5 5. Bd3 Bxd3 6. Qxd3 e6 7. O-O Nbd7 8.
Nbd2 Be7 9. b3 O-O 10. Bb2 a5 11. a3 Qb8 12. h3 b5 13. c5 1/2-1/2

[Event "First Saturday 2008 december GM"]
[Site "Budapest"]
[Date "2008.12.15"]
[Round "10"]
[White "Varga, Zoltan"]
[Black "Prohaszka, Peter"]
[Result "1/2-1/2"]
[WhiteElo "2494"]
[BlackElo "2502"]
[PlyCount "20"]
[EventDate "2008.12.06"]

1. e4 c6 2. d4 d5 3. Nd2 dxe4 4. Nxe4 Bf5 5. Nc5 e5 6. Nxb7 Qb6 7. Nc5 exd4 8.
Nb3 Bb4+ 9. Bd2 Nf6 10. Qe2+ Be6 1/2-1/2

[Event "First Saturday 2008 december GM"]
[Site "Budapest"]
[Date "2008.12.15"]
[Round "10"]
[White "Bromberger, Stefan"]
[Black "Rohit, Gogineni"]
[Result "1/2-1/2"]
[WhiteElo "2504"]
[BlackElo "2457"]
[PlyCount "93"]
[EventDate "2008.12.06"]

1. d4 Nf6 2. c4 e6 3. Nc3 Bb4 4. Qc2 O-O 5. e4 d5 6. e5 Ne4 7. Bd3 c5 8. Nge2
cxd4 9. Nxd4 Nd7 10. Bf4 Bxc3+ 11. bxc3 Ndc5 12. O-O Nxd3 13. Qxd3 b6 14. cxd5
Qxd5 15. Rad1 Bb7 16. c4 Qd7 17. f3 Nc5 18. Qe3 Rad8 19. Rd2 f6 20. Rfd1 fxe5
21. Bg5 Ra8 22. Qxe5 Qf7 23. Kh1 h6 24. Bh4 Kh7 25. Nb5 Qg6 26. Nd6 Rxf3 27.
Bg3 Rff8 28. a4 Rad8 29. a5 Bc6 30. axb6 axb6 31. Qb2 Ba4 32. Rg1 Ne4 33. Nxe4
Qxe4 34. Rxd8 Rxd8 35. Qxb6 Rd2 36. Qb4 Qc2 37. Qb7 Qxc4 38. Be5 Rd7 39. Qf3
Bc6 40. Qg3 Rf7 41. h3 Bd5 42. Kh2 Qc2 43. Rf1 Qg6 44. Qxg6+ Kxg6 45. Rxf7 Kxf7
46. g4 g5 47. Kg3 1/2-1/2

[Event "First Saturday 2008 december GM"]
[Site "Budapest"]
[Date "2008.12.15"]
[Round "10"]
[White "Toth, Ervin"]
[Black "Skomorokhin, Roman"]
[Result "1-0"]
[WhiteElo "2401"]
[BlackElo "2400"]
[PlyCount "89"]
[EventDate "2008.12.06"]

1. e4 e6 2. d4 d5 3. Nc3 Bb4 4. e5 Ne7 5. a3 Bxc3+ 6. bxc3 b6 7. Qg4 Ng6 8. h4
h5 9. Qg3 Ba6 10. Bxa6 Nxa6 11. Ne2 Qd7 12. a4 O-O-O 13. O-O Kb7 14. Bg5 Rdf8
15. Qd3 c5 16. a5 c4 17. Qg3 b5 18. Bc1 Nb8 19. Ba3 Rfg8 20. f4 a6 21. f5 exf5
22. Qg5 Rh6 23. Ng3 f4 24. Nf5 Qe6 25. Rae1 Nc6 26. g3 fxg3 27. Kg2 Ka8 28. Bc5
Rh7 29. Re3 Nh8 30. Rxg3 Ng6 31. Kh2 Nh8 32. Rf2 Nd8 33. Ne3 Qd7 34. Qe7 Qxe7
35. Bxe7 Nc6 36. Nxd5 Rh6 37. Bc5 Kb7 38. Nf6 Rd8 39. Rxg7 Nxa5 40. e6 Rc8 41.
e7 Rxf6 42. Rxf6 Nc6 43. Rh6 Re8 44. Rgh7 Ng6 45. Rxf7 1-0

[Event "First Saturday 2008 december GM"]
[Site "Budapest"]
[Date "2008.12.16"]
[Round "11"]
[White "Gara, Anita"]
[Black "Kosic, Dragan"]
[Result "1/2-1/2"]
[WhiteElo "2312"]
[BlackElo "2511"]
[PlyCount "108"]
[EventDate "2008.12.06"]

1. e4 e6 2. d4 d5 3. Nc3 Nf6 4. Bg5 dxe4 5. Nxe4 Nbd7 6. Nf3 h6 7. Nxf6+ Nxf6
8. Bh4 a6 9. Bd3 c5 10. dxc5 Bxc5 11. Qe2 Qa5+ 12. c3 Bd6 13. O-O Qc7 14. Bg3
Bxg3 15. hxg3 Bd7 16. Ne5 Bc6 17. b4 O-O 18. a4 Rfd8 19. c4 Rd4 20. Nxc6 Qxc6
21. Rfd1 Kf8 22. Qe5 Rad8 23. Be2 Qd6 24. Qxd6+ R8xd6 25. a5 Ke7 26. Rxd4 Rxd4
27. Rd1 Rxd1+ 28. Bxd1 Kd6 29. f4 Kc7 30. Bf3 Ne8 31. Kf2 Nd6 32. Be2 Ne4+ 33.
Kf3 f5 34. g4 Nf6 35. gxf5 exf5 36. Bd3 g6 37. Ke3 Nh5 38. Be2 Ng3 39. Bf3 g5
40. fxg5 hxg5 41. Bd5 Nh5 42. Kd4 g4 43. Ke5 f4 44. b5 axb5 45. cxb5 b6 46. a6
Kb8 47. Kf5 f3 48. gxf3 gxf3 49. Bxf3 Ng7+ 50. Kf6 Ne8+ 51. Ke7 Nc7 52. Bc6 Ka7
53. Kd6 Nxa6 54. bxa6 Kxa6 1/2-1/2

[Event "First Saturday 2008 december GM"]
[Site "Budapest"]
[Date "2008.12.16"]
[Round "11"]
[White "Rohit, Gogineni"]
[Black "Toth, Ervin"]
[Result "1-0"]
[WhiteElo "2457"]
[BlackElo "2401"]
[PlyCount "67"]
[EventDate "2008.12.06"]

1. e4 c5 2. Nf3 e6 3. d4 cxd4 4. Nxd4 a6 5. Bd3 Nf6 6. O-O Qc7 7. Qe2 d6 8. c4
g6 9. Nc3 Bg7 10. Nf3 Nc6 11. h3 O-O 12. Bg5 Nd7 13. Rac1 Qa5 14. Bf4 Nde5 15.
Rfd1 Nxf3+ 16. Qxf3 Nd4 17. Qg3 e5 18. Bg5 Be6 19. Be7 Rfc8 20. Bxd6 Bxc4 21.
b4 Qa3 22. Bxe5 Bxe5 23. Qxe5 Nc6 24. Qg5 Nxb4 25. Bxc4 Rxc4 26. Nd5 Rxc1 27.
Nf6+ Kg7 28. Rxc1 h6 29. Nh5+ Kh7 30. Nf6+ Kg7 31. Nh5+ Kh7 32. Qf4 Rf8 33.
Nf6+ Kg7 34. Ng4 1-0

[Event "First Saturday 2008 december GM"]
[Site "Budapest"]
[Date "2008.12.16"]
[Round "11"]
[White "Duong, The Anh"]
[Black "Matsenko, Sergei"]
[Result "1/2-1/2"]
[WhiteElo "2420"]
[BlackElo "2447"]
[PlyCount "50"]
[EventDate "2008.12.06"]

1. d4 d5 2. c4 c6 3. Nf3 Nf6 4. e3 e6 5. Bd3 Nbd7 6. b3 Bd6 7. Bb2 b6 8. O-O
O-O 9. Ne5 Bb7 10. Nd2 c5 11. cxd5 Bxd5 12. e4 Bb7 13. Nxd7 Nxd7 14. Nc4 Be7
15. dxc5 Nxc5 16. Qg4 Bf6 17. e5 Bg5 18. Bc2 Bh6 19. b4 Na6 20. Nd6 Bd5 21. Bc1
Bxc1 22. Raxc1 f5 23. Qf4 Nc7 24. Rfd1 Qe7 25. a3 Rad8 1/2-1/2

[Event "First Saturday 2008 december GM"]
[Site "Budapest"]
[Date "2008.12.17"]
[Round "12"]
[White "Ilincic, Zlatko"]
[Black "Duong, The Anh"]
[Result "1-0"]
[WhiteElo "2542"]
[BlackElo "2420"]
[PlyCount "77"]
[EventDate "2008.12.06"]

1. d4 d5 2. c4 c6 3. Nf3 Nf6 4. e3 Bg4 5. h3 Bxf3 6. Qxf3 e6 7. Nd2 Nbd7 8. g4
Qa5 9. a3 h5 10. Rg1 hxg4 11. hxg4 Be7 12. c5 e5 13. b4 Qc7 14. Qg3 Bd8 15. g5
Nh5 16. Qg4 g6 17. Bb2 e4 18. Nxe4 dxe4 19. Qxe4+ Be7 20. O-O-O Rh7 21. d5 cxd5
22. Rxd5 Qc6 23. Bc4 Rc8 24. Kb1 a6 25. Rgd1 Nf8 26. Bb3 Ne6 27. Qc2 Nc7 28.
Ba4 Nb5 29. f4 Ng3 30. Ka1 Rd8 31. e4 Qe6 32. Qd3 Rxd5 33. exd5 Qg4 34. d6 Bd8
35. d7+ Kf8 36. Bf6 Nf5 37. Bxd8 Rh3 38. Bf6 Qxd1+ 39. Qxd1 1-0

[Event "First Saturday 2008 december GM"]
[Site "Budapest"]
[Date "2008.12.17"]
[Round "12"]
[White "Bromberger, Stefan"]
[Black "Nguyen, Huynh M.H"]
[Result "1/2-1/2"]
[WhiteElo "2504"]
[BlackElo "2452"]
[PlyCount "39"]
[EventDate "2008.12.06"]

1. e4 c5 2. Nf3 d6 3. d4 cxd4 4. Nxd4 Nf6 5. Nc3 a6 6. Bg5 e6 7. f4 Qb6 8. Qd2
Nc6 9. O-O-O Nxd4 10. Qxd4 Qxd4 11. Rxd4 Be7 12. Be2 Bd7 13. Rhd1 Bc6 14. Bf3
O-O 15. Bxf6 gxf6 16. f5 Rfe8 17. Bh5 Bf8 18. fxe6 Rxe6 19. Bg4 Ree8 20. Kb1
1/2-1/2

[Event "First Saturday 2008 december GM"]
[Site "Budapest"]
[Date "2008.12.17"]
[Round "12"]
[White "Toth, Ervin"]
[Black "Prohaszka, Peter"]
[Result "1/2-1/2"]
[WhiteElo "2401"]
[BlackElo "2502"]
[PlyCount "68"]
[EventDate "2008.12.06"]

1. e4 c6 2. d4 d5 3. Nc3 dxe4 4. Nxe4 Nd7 5. Ng5 Ngf6 6. Bd3 e6 7. N1f3 Bd6 8.
Qe2 h6 9. Ne4 Nxe4 10. Qxe4 Qc7 11. Qg4 Kf8 12. O-O c5 13. c3 b6 14. Re1 Bb7
15. h4 Rc8 16. h5 Nf6 17. Qh3 Bxf3 18. Qxf3 cxd4 19. cxd4 Qc6 20. Bf4 Bxf4 21.
Qxf4 Ke7 22. Rac1 Qd6 23. Qxd6+ Kxd6 24. Be2 Nd5 25. a3 Nf4 26. Kf1 Rhd8 27. g3
Nd5 28. Bf3 Ne7 29. Be4 Nc6 30. Bxc6 Rxc6 31. Ke2 Rdc8 32. Rxc6+ Rxc6 33. Kd3
f6 34. f4 Rc7 1/2-1/2

[Event "First Saturday 2008 december GM"]
[Site "Budapest"]
[Date "2008.12.17"]
[Round "12"]
[White "Paschall, William M"]
[Black "Rohit, Gogineni"]
[Result "1/2-1/2"]
[WhiteElo "2351"]
[BlackElo "2457"]
[PlyCount "34"]
[EventDate "2008.12.06"]

1. d4 Nf6 2. c4 e6 3. Nf3 b6 4. g3 Ba6 5. Qa4 c5 6. Bg2 Bb7 7. O-O cxd4 8. Nxd4
Bxg2 9. Kxg2 Qc8 10. Rd1 a6 11. Nc3 Be7 12. f3 Qb7 13. Bg5 h6 14. Bxf6 Bxf6 15.
Rd3 O-O 16. Rad1 Rc8 17. b3 Ra7 1/2-1/2

[Event "First Saturday 2008 december GM"]
[Site "Budapest"]
[Date "2008.12.18"]
[Round "13"]
[White "Skomorokhin, Roman"]
[Black "Kosic, Dragan"]
[Result "1/2-1/2"]
[WhiteElo "2400"]
[BlackElo "2511"]
[PlyCount "21"]
[EventDate "2008.12.06"]

1. d4 Nf6 2. c4 e6 3. Nc3 Bb4 4. Qc2 O-O 5. a3 Bxc3+ 6. Qxc3 b6 7. Bg5 Bb7 8.
e3 d6 9. Nf3 Nbd7 10. Be2 Qe7 11. O-O 1/2-1/2

[Event "First Saturday 2008 december GM"]
[Site "Budapest"]
[Date "2008.12.18"]
[Round "13"]
[White "Prohaszka, Peter"]
[Black "Paschall, William M"]
[Result "1/2-1/2"]
[WhiteElo "2502"]
[BlackElo "2351"]
[PlyCount "60"]
[EventDate "2008.12.06"]

1. d4 Nf6 2. c4 e6 3. Nf3 Bb4+ 4. Nbd2 d5 5. Qa4+ Nc6 6. a3 Bxd2+ 7. Bxd2 Ne4
8. Rd1 O-O 9. e3 Bd7 10. Qc2 Be8 11. Be2 a5 12. O-O f6 13. Ne1 Bg6 14. Bd3 f5
15. f3 Nxd2 16. Rxd2 f4 17. Bxg6 hxg6 18. e4 a4 19. exd5 exd5 20. Qxg6 Rf6 21.
Qd3 Na5 22. cxd5 Nb3 23. Rd1 Ra5 24. Nc2 Rxd5 25. Rfe1 Rfd6 26. Qe4 Nxd4 27.
Nxd4 Rxd4 28. Rxd4 Rxd4 29. Qe6+ Kh7 30. Qf5+ Kg8 1/2-1/2

[Event "First Saturday 2008 december GM"]
[Site "Budapest"]
[Date "2008.12.18"]
[Round "13"]
[White "Nguyen, Huynh M.H"]
[Black "Toth, Ervin"]
[Result "1/2-1/2"]
[WhiteElo "2452"]
[BlackElo "2401"]
[PlyCount "116"]
[EventDate "2008.12.06"]

1. d4 d5 2. c4 e6 3. Nc3 c5 4. cxd5 exd5 5. Nf3 Nc6 6. g3 Nf6 7. Bg2 Be7 8. O-O
O-O 9. dxc5 Bxc5 10. a3 Be6 11. b4 Be7 12. Bb2 Rc8 13. e3 Qd7 14. Ne2 Rfd8 15.
Nf4 b5 16. Qe2 a5 17. Nxe6 Qxe6 18. Qxb5 axb4 19. axb4 Rb8 20. Qa6 Rxb4 21. Nd4
Nxd4 22. Bxd4 Qf5 23. Qa7 Bf8 24. Qc7 Rc8 25. Qe5 Qg6 26. Ra7 Re8 27. Qc7 Rb1
28. Bxf6 Rxf1+ 29. Kxf1 Qxf6 30. Bxd5 Re7 31. Qb8 Rxa7 32. Qxa7 g6 33. Kg2 Kg7
34. Qb7 Qe7 35. Qb3 h5 36. e4 f6 37. Qd3 Qd6 38. Qb5 Qc5 39. Qa6 Qd6 40. Qa8
Qa3 41. Qc8 Qd6 42. Bb3 Qe7 43. Qc4 Kh6 44. f4 Bg7 45. Qd3 Bf8 46. Qc4 Bg7 47.
Qd5 Bf8 48. Kf3 Qd6 49. e5 Qxd5+ 50. Bxd5 fxe5 51. fxe5 Be7 52. Ke4 h4 53. g4
Kg7 54. Bc4 g5 55. Kd5 Kf8 56. Ke6 Bd8 57. Bb3 Be7 58. Kd7 Ba3 1/2-1/2